[Event "AUTO-ADV-4810"]
[Site "http://www.queenalice.com/game.php?id=1843122"]
[Date "2024.9.4"]
[Round "1"]
[White "juim"]
[Black "fabricioprado"]
[Result "0-1"]
[WhiteElo "1639"]
[BlackElo "1627"]

1. e4 c5 2. d4 cxd4 3. Qxd4 Nc6 4. Qe3 e5 5. Bd3 Nf6 6. Nf3 Be7 7. O-O O-O 8. b3
d6 9. Bb5 a6 10. Bc4 b5 11. Bd3 h6 12. Nc3 Bb7 13. Bb2 Nh7 14. Nd5 Ng5 15. Nb6
Rb8 16. c4 Ba8 17. Nxa8 Rxa8 18. Rad1 Nxf3+ 19. Qxf3 f5 20. exf5 Rf6 21. Qxc6
bxc4 22. Bxc4+ Kh7 23. Bxa6 d5 24. Qxd5 Qxd5 25. Rxd5 Raxa6 26. a4 Rxf5 27. Bxe5
Rg5 28. Bf4 Rxd5 29. h3 Bb4 30. g4 Rf6 31. Bg3 Bc5 32. Kg2 Rd3 33. Bh4 g5 34.
Bg3 Rxb3 35. Rd1 Ra3 36. Rd5 Bd6 37. Bxd6 Rxa4 38. Be7 Rf7 39. Bd8 Raf4 40. Bb6
Rb7 41. Be3 Re4 42. Kf3 Re6 43. Rd8 Kg6 44. Kg3 Rh7 45. f3 Rxe3 46. Rd6+ Kg7 47.
Kf2 Re7 48. Kg3 Kf7 49. h4 gxh4+ 50. Kxh4 Re6 51. Rd7+ Kg6 52. f4 Rxd7 53. f5+
Kf6 54. Kh5 Re1 55. Kh4 Rh1+ 56. Kg3 Kg5 57. Kf3 Rd4 58. Kg3 Ra1 59. Kf3 Ra3+
0-1

[Event "AUTO-ADV-4810"]
[Site "http://www.queenalice.com/game.php?id=1843123"]
[Date "2024.9.4"]
[Round "1"]
[White "fabricioprado"]
[Black "juim"]
[Result "1-0"]
[WhiteElo "1610"]
[BlackElo "1634"]

1. e4 d5 2. exd5 Qxd5 3. Nc3 Qd8 4. Nf3 e6 5. Bb5+ c6 6. Ba4 Bb4 7. d3 Bxc3+ 8.
bxc3 Nf6 9. O-O O-O 10. Ba3 Nd5 11. Bxf8 Qxf8 12. Qd2 Na6 13. c4 Nf6 14. Bb3 Nc5
15. Rfe1 Nxb3 16. cxb3 Bd7 17. Ne5 Rd8 18. Qc3 Be8 19. h3 b5 20. Re3 Ra8 21. Rg3
Nh5 22. Rg4 f5 23. Rh4 bxc4 24. dxc4 c5 25. Nf3 Qf6 26. Qe1 g6 27. Rd1 Bc6 28.
Rd6 Bxf3 29. Rxh5 Bxh5 30. Rxe6 Qd8 31. Re3 Qd7 32. Re7 Qc6 33. Qe5 Kf8 34. Qg7#
1-0

[Event "AUTO-ADV-4810"]
[Site "http://www.queenalice.com/game.php?id=1843144"]
[Date "2024.9.4"]
[Round "1"]
[White "Canaye14"]
[Black "fabricioprado"]
[Result "1-0"]
[WhiteElo "1989"]
[BlackElo "1612"]

1. d4 d5 2. Nf3 Bg4 3. e3 Nf6 4. h3 Bh5 5. Be2 e6 6. c4 c6 7. Nc3 Be7 8. O-O O-O
9. Ne5 Bxe2 10. Qxe2 Nbd7 11. Nxd7 Qxd7 12. cxd5 cxd5 13. b3 a6 14. Bb2 Rac8 15.
Rac1 Bb4 16. Na4 Ba5 17. Nc5 Qe7 18. Rc2 Bb6 19. Na4 Ba7 20. Rfc1 Qd7 21. Ba3 b5
22. Bxf8 Rxc2 23. Rxc2 Kxf8 24. Nc5 Bxc5 25. Rxc5 h6 26. Qc2 g6 27. Rc6 Qb7 28.
Qc5+ Kg7 29. Rc8 Ne4 30. Qf8+ Kf6 31. h4 1-0

[Event "AUTO-ADV-4810"]
[Site "http://www.queenalice.com/game.php?id=1843145"]
[Date "2024.9.4"]
[Round "1"]
[White "fabricioprado"]
[Black "Canaye14"]
[Result "0-1"]
[WhiteElo "1614"]
[BlackElo "1987"]

1. d4 e6 2. Nf3 d5 3. Bf4 c5 4. e3 Nc6 5. Nc3 Nf6 6. Be2 cxd4 7. exd4 Bb4 8. O-O
Bxc3 9. bxc3 O-O 10. Bd3 h6 11. Bg3 Nh5 12. Ne5 Nxg3 13. fxg3 Nxe5 14. dxe5 Bd7
15. Qe2 Rc8 16. Qd2 Rc5 17. a4 Qa5 18. Ra3 b5 19. Rfa1 Qc7 20. axb5 Bxb5 21.
Bxb5 Rxb5 22. Rxa7 Qxe5 23. Rf1 f6 24. Re1 Qd6 25. Ra4 Rfb8 26. Rg4 g5 27. h4
Rb1 28. hxg5 Rxe1+ 29. Qxe1 hxg5 30. Qe3 Rb1+ 31. Kf2 Qb6 32. Qxb6 Rxb6 33. Ke3
Kf7 34. Ra4 Kg6 0-1

[Event "AUTO-ADV-4824"]
[Site "http://www.queenalice.com/game.php?id=1846845"]
[Date "2024.11.7"]
[Round "1"]
[White "Ricardoabreu"]
[Black "fabricioprado"]
[Result "0-1"]
[WhiteElo "1672"]
[BlackElo "1643"]

1. b3 e5 2. Bb2 Nc6 3. g3 Nf6 4. Bg2 d6 5. Bxc6+ bxc6 6. e3 Be7 7. h3 Bb7 8. f3
O-O 9. Qe2 c5 10. Qb5 Rb8 11. Qe2 Nh5 12. Qf2 Nxg3 13. Rh2 Bh4 14. Qg2 Qf6 15.
Nc3 Ne4+ 16. Kd1 Nxc3+ 17. Bxc3 Qe6 18. f4 Bxg2 19. Rxg2 f6 20. fxe5 fxe5 21.
Kc1 Rf1+ 22. Kb2 Rxa1 23. Kxa1 Rf8 0-1

[Event "AUTO-ADV-4824"]
[Site "http://www.queenalice.com/game.php?id=1846846"]
[Date "2024.11.7"]
[Round "1"]
[White "fabricioprado"]
[Black "Ricardoabreu"]
[Result "1-0"]
[WhiteElo "1682"]
[BlackElo "1674"]

1. e4 b6 2. Nf3 Bb7 3. Nc3 g6 4. Bc4 e6 5. d4 Bg7 6. O-O Nf6 7. e5 Ne4 8. Nxe4
Bxe4 9. Qe2 Bb7 10. Bg5 f6 11. exf6 Bxf6 12. Bh6 Qe7 13. Rfe1 d5 14. Bb5+ c6 15.
Ba4 Qb4 16. Bb3 Bc8 17. c3 Qd6 18. c4 Rg8 19. Rac1 a5 20. cxd5 cxd5 21. Rxc8+
Ke7 22. Rxg8 Kf7 23. Rf8+ Ke7 24. Ng5 Bxg5 25. Qf3 Kd7 26. Rf7+ Kc6 27. Ba4+ b5
28. Qc3+ Kb6 29. Rxe6 Qxe6 30. Qc5+ Ka6 31. Qxb5# 1-0

[Event "AUTO-ADV-4824"]
[Site "http://www.queenalice.com/game.php?id=1846861"]
[Date "2024.11.7"]
[Round "1"]
[White "ThiagoBrumN"]
[Black "fabricioprado"]
[Result "1-0"]
[WhiteElo "1710"]
[BlackElo "1664"]

1. e4 e5 2. Nf3 Nc6 3. Nc3 Nf6 4. Bc4 Be7 5. Ng5 O-O 6. O-O h6 7. Nf3 d6 8. a3
Bg4 9. h3 Bh5 10. Be2 Bg6 11. d3 a6 12. Bd2 Nh7 13. Rb1 f5 14. Kh2 fxe4 15. dxe4
Ng5 16. Nd5 Nxf3+ 17. Bxf3 Nd4 18. Bg4 Bxe4 19. Nc3 Bf5 20. Bxf5 Rxf5 21. Be3
Ne6 22. b4 Bg5 23. Qd5 Qc8 24. Rbd1 Rb8 25. Ne4 Bf4+ 26. Bxf4 Rxf4 27. Ng3 Kh8
28. Nh5 Rh4 29. Ng3 Nf4 30. Qf7 Nxh3 31. Nf5 Ng5+ 32. Kg3 Nxf7 33. Kxh4 Qxf5 34.
Kg3 Rf8 35. Kh2 Ng5 36. Rd3 Qf4+ 37. Kg1 e4 38. Rg3 Ne6 39. c4 Ng5 40. Kh1 Qxg3
41. f3 exf3 42. Rg1 1-0

[Event "AUTO-ADV-4824"]
[Site "http://www.queenalice.com/game.php?id=1846862"]
[Date "2024.11.7"]
[Round "1"]
[White "fabricioprado"]
[Black "ThiagoBrumN"]
[Result "0-1"]
[WhiteElo "1712"]
[BlackElo "1776"]

1. d4 d5 2. c4 c5 3. cxd5 Nf6 4. Nc3 cxd4 5. Qxd4 Bf5 6. e4 Bg6 7. Nf3 Nbd7 8.
Bb5 a6 9. Ba4 b5 10. Bb3 e5 11. Nxe5 Bd6 12. Nxd7 Nxd7 13. O-O O-O 14. Bc2 Qh4
15. f4 Nf6 16. Qf2 Qxf2+ 17. Rxf2 Bc5 18. f5 Bh5 19. e5 Ng4 20. Bg5 Nxf2 21. Kf1
Ng4 22. e6 fxe6 23. dxe6 Ne3+ 24. Bxe3 Bxe3 25. Nd5 Bc5 26. b4 Bd6 27. h3 Rac8
28. e7 Rxc2 29. exf8=Q+ Bxf8 30. Ne3 Rd2 31. g4 Bf7 32. a4 Bxb4 33. axb5 axb5
34. Rd1 Bc4+ 35. Ke1 Rh2+ 0-1

[Event "AUTO-ADV-4824"]
[Site "http://www.queenalice.com/game.php?id=1846871"]
[Date "2024.11.7"]
[Round "1"]
[White "lat47"]
[Black "fabricioprado"]
[Result "1-0"]
[WhiteElo "1939"]
[BlackElo "1692"]

1. d4 d5 2. e3 Nf6 3. Nf3 Bg4 4. h3 Bh5 5. g4 Bg6 6. Ne5 e6 7. Bd3 Bxd3 8. Qxd3
Bd6 9. Nd2 O-O 10. e4 c5 11. exd5 exd5 12. Ndf3 c4 13. Qf5 Nc6 14. c3 Qe7 15.
O-O g6 16. Nxc6 bxc6 17. Qg5 Ne4 18. Qxe7 Bxe7 19. Be3 Rab8 20. Bc1 f5 21. g5 f4
22. h4 Kg7 23. Ne5 Rbc8 24. Kg2 h6 25. gxh6+ Kxh6 26. Nf3 g5 27. hxg5+ Nxg5 28.
Rh1+ Kg6 29. Nxg5 Kxg5 30. Kf3 Kf5 31. Bd2 Bg5 32. Rh5 Kg6 33. Kg4 Bh6 34. Rah1
Rh8 35. Bxf4 Rcg8 36. Bxh6 Kf6+ 37. Kf4 Ke6 38. Ke3 Rc8 39. Bf4 Rhg8 40. Re5+
Kf6 41. Rh6+ Kf7 42. Rf5+ Kg7 43. Re6 1-0

[Event "AUTO-ADV-4824"]
[Site "http://www.queenalice.com/game.php?id=1846872"]
[Date "2024.11.7"]
[Round "1"]
[White "fabricioprado"]
[Black "lat47"]
[Result "0-1"]
[WhiteElo "1699"]
[BlackElo "1932"]

1. d4 e6 2. e4 c5 3. d5 e5 4. Nf3 d6 5. Bg5 f6 6. Bh4 g5 7. Bg3 Bd7 8. Be2 Ne7
9. Nc3 a6 10. Nd2 b5 11. a4 b4 12. Ncb1 f5 13. exf5 Nxf5 14. O-O Qf6 15. Ne4 Qe7
16. Nbd2 Bc8 17. Bh5+ Kd8 18. Nc4 Nd7 19. Nexd6 Nxd6 20. Nxd6 Qxd6 21. Re1 Bb7
22. Qg4 Nf6 23. Qxg5 h6 24. Qh4 Bc8 25. Bxe5 Qd7 26. Bxf6+ Kc7 27. Qf4+ Bd6 28.
Qc4 Qf5 29. Be7 Qxh5 30. Bxd6+ Kxd6 31. Rad1 Ra7 32. Qf4+ Kd7 33. d6 Rh7 34. Qe4
Rg7 35. Qe7+ Kc6 36. Qe4+ Kb6 37. a5+ Kxa5 38. Ra1+ Kb6 39. Qd3 Bf5 40. Qc4
Rxg2+ 41. Kxg2 Rg7+ 42. Kf1 Bh3# 0-1

[Event "AUTO-ADV-4831"]
[Site "http://www.queenalice.com/game.php?id=1848634"]
[Date "2024.12.11"]
[Round "1"]
[White "Canaye14"]
[Black "fabricioprado"]
[Result "0-1"]
[WhiteElo "1901"]
[BlackElo "1687"]

1. d4 d5 2. Nf3 Bf5 3. Bf4 e6 4. e3 Nf6 5. h3 Be7 6. c4 c6 7. cxd5 exd5 8. Be2
Nbd7 9. Nc3 O-O 10. O-O Nb6 11. a4 Bd6 12. Ne5 h6 13. g4 Bh7 14. g5 hxg5 15.
Bxg5 Be7 16. Ng4 Ne4 17. Bxe7 Qxe7 18. a5 Nd7 19. Bf3 Qh4 20. Nxe4 dxe4 21. Bg2
f5 22. Qb3+ Kh8 23. Ne5 Nxe5 24. Qxb7 Nf3+ 25. Kh1 Ng5 26. Kh2 f4 27. exf4 Qxf4+
28. Kg1 Bf5 29. Ra3 Bxh3 30. Rxh3+ Nxh3+ 31. Bxh3 e3 32. Qe7 exf2+ 33. Kh1 Qf3+
34. Kh2 Qf4+ 35. Kh1 Rae8 36. Qb4 Re3 0-1